| Tag |
First Indicator |
Second Indicator |
Subfields |
| LEADER |
00000cam a2200000Ka 4500 |
| 001 |
in00003515613 |
| 006 |
m o d |
| 007 |
cr bn||||||abp |
| 007 |
cr bn||||||ada |
| 008 |
100323s1985 maua ob 001 0 eng d |
| 005 |
20260420211048.2 |
| 020 |
|
|
|a 9781489966780 (electronic bk.)
|
| 020 |
|
|
|a 1489966781 (electronic bk.)
|
| 020 |
|
|
|z 0817633081 (pbk.)
|
| 020 |
|
|
|z 9780817633080 (pbk.)
|
| 020 |
|
|
|z 0816733081
|
| 035 |
|
|
|a (OCoLC)568747688
|
| 040 |
|
|
|a OCLCE
|b eng
|c OCLCE
|d OCLCQ
|d GW5XE
|d OCLCF
|d UtOrBLW
|
| 042 |
|
|
|a dlr
|
| 049 |
|
|
|a TXAM
|
| 050 |
|
4 |
|a UA12.5
|b .S27 1985
|
| 082 |
0 |
4 |
|a 327.1/74
|2 19
|
| 100 |
1 |
|
|a Scribner, Richard A.
|
| 245 |
1 |
4 |
|a The verification challenge :
|b problems and promise of strategic nuclear arms control verification /
|c Richard A. Scribner, Theodore J. Ralston, William D. Metz.
|
| 264 |
|
1 |
|a Boston :
|b Birkhäuser,
|c [1985]
|
| 264 |
|
4 |
|c ©1985
|
| 300 |
|
|
|a 1 online resource (xiv, 249 pages) :
|b illustrations
|
| 336 |
|
|
|a text
|b txt
|2 rdacontent
|
| 337 |
|
|
|a computer
|b c
|2 rdamedia
|
| 338 |
|
|
|a online resource
|b cr
|2 rdacarrier
|
| 500 |
|
|
|a "A project of the Committee on Science, Arms Control, and National Security of the American Association for the Advancement of Science in cooperation with the Center for International Security and Arms Control, Stanford University."
|
| 504 |
|
|
|a Includes bibliographical references (pages [231]-239) and index.
|
| 538 |
|
|
|a Master and use copy. Digital master created according to Benchmark for Faithful Digital Reproductions of Monographs and Serials, Version 1. Digital Library Federation, December 2002.
|u http://purl.oclc.org/DLF/benchrepro0212
|5 MiAaHDL
|
| 583 |
1 |
|
|a digitized
|c 2010
|h HathiTrust Digital Library
|l committed to preserve
|2 pda
|5 MiAaHDL
|
| 588 |
|
|
|a Description based on print version record.
|
| 500 |
|
|
|a Electronic resource.
|
| 650 |
|
0 |
|a Nuclear arms control
|x Verification.
|
| 650 |
|
7 |
|a ARMS LIMITATION.
|2 unbist
|
| 650 |
|
7 |
|a VERIFICATION.
|2 unbist
|
| 650 |
|
7 |
|a Nuclear arms control
|x Verification.
|2 fast
|0 (OCoLC)fst01039895
|
| 655 |
|
7 |
|a Electronic books.
|2 local
|
| 700 |
1 |
|
|a Ralston, Theodore J.
|
| 700 |
1 |
|
|a Metz, William D.
|
| 710 |
2 |
|
|a SpringerLink (Online service)
|
| 710 |
2 |
|
|a American Association for the Advancement of Science.
|b Committee on Science, Arms Control, and National Security.
|
| 710 |
2 |
|
|a Stanford University.
|b Center for International Security and Arms Control.
|
| 776 |
1 |
8 |
|i Print version:
|a Scribner, Richard A.
|t Verification challenge.
|d Boston : Birkhäuser, c1985
|w (DLC) 85013445
|w (OCoLC)12189304
|
| 856 |
4 |
0 |
|u http://proxy.library.tamu.edu/login?url=https://link.springer.com/10.1007/978-1-4899-6678-0
|z Connect to the full text of this electronic book
|t 0
|
| 994 |
|
|
|a 92
|b TXA
|
| 999 |
|
|
|a MARS
|
| 999 |
f |
f |
|s ddf4ef08-3780-3fbc-bf63-488f7cf43b74
|i 26d1b31a-98b9-30b2-adb9-e16738a4088b
|t 0
|
| 952 |
f |
f |
|a Texas A&M University
|b College Station
|c Electronic Resources
|s www_evans
|d Available Online
|t 0
|e UA12.5 .S27 1985
|h Library of Congress classification
|
| 998 |
f |
f |
|a UA12.5 .S27 1985
|t 0
|l Available Online
|